000
00491nam a2200145Ia 4500
008
100122s9999 xx 000 0 und d
082
_b
17263
_a
Nill
100
_a
सोहोनी श्री वि
245
_a
रेडिओ दुरुस्ती
260
_b
साहित्य व संस्कृती मंडळ
_c
1969
300
_a
519
630
_a
रेडिओ दुरुस्ती
730
_a
रेडिओ दुरुस्ती
942
_c
BOOK
999
_c
407044
_d
407041